| 000 | 01054cam a22003618a 4500 | ||
|---|---|---|---|
| 999 |
_c684 _d684 |
||
| 001 | 000038160794 | ||
| 003 | CaOOAMICUS | ||
| 005 | 20210616100811.0 | ||
| 008 | 100827s2011 onc 001 0 eng | ||
| 016 | _a20109054326 | ||
| 020 | _a9780070001497 | ||
| 035 | _a(Sirsi) a2806080 | ||
| 040 |
_aCaOONL _beng _cCaOONL |
||
| 050 |
_aHF5636 _b.F54 2011 |
||
| 055 | 0 |
_aHF5636 _b.F54 2011 |
|
| 082 | 0 |
_a657 _222 |
|
| 090 | _a657 F3715 2011 | ||
| 090 | _a657 FIN | ||
| 245 | 0 | 0 |
_aFinancial accounting / _cRobert Libby ... [and others]. |
| 250 | _aFourth Canadian edition | ||
| 260 |
_aToronto : _bMcGraw-Hill Ryerson, _c2011. |
||
| 263 | _a1102 | ||
| 300 |
_axxvi, 789 pages : _bol. illustrations ; _c28 cm. |
||
| 336 |
_atext _btxt _2rdacontent |
||
| 337 |
_aunmediated _bn _2rdamedia |
||
| 338 |
_avolume _bnc _2rdacarrier |
||
| 500 | _aIncludes index. | ||
| 650 | 0 |
_aAccounting _vTextbooks. |
|
| 650 | 0 |
_aCorporations _xAccounting _vTextbooks. |
|
| 650 | 0 |
_aFinancial statements _vTextbooks. |
|
| 700 | 1 | _aLibby, Robert. | |
| 942 |
_2lcc _cBK _nSO |
||